00519 2200193 4500001002100000005001700021008004100038035002500079082001000104090001700114100002600131245005500157250001100212260002800223300002900251650002300280850001200303990001000315YOGYA-0209000006802820150225131216.0 ind  a0010-020900000068028 a770.2 a770.2bSul P aSULEIMAN, Amir Hamzah aPetunjuk untuk memotretcoleh Amir Hamzah Suleiman aCet. 8 aJakartabGramediac1986 aix, 166 hlmbilusc20 cm aFotografi - Proses aYOPDYOG a007-P